| 000 | 01223nam a2200349 c 4500 | ||
|---|---|---|---|
| 999 |
_c98392 _d98392 |
||
| 003 | BLK | ||
| 005 | 20240608103011.0 | ||
| 008 | 180409b bul|||||r ||||||| ||bul|| | ||
| 010 | _aKNG00103334000 | ||
| 020 | _a954-733-279-1 | ||
| 040 | _aBLK | ||
| 041 |
_aBUL _cBUL |
||
| 080 |
_aАнглийска литература _b821.111 _x-31 _z821.111-31 |
||
| 100 |
_aКолинс, Джаки _c1941- _9241664 |
||
| 139 |
_aКолинс, Джаки _bК 78 |
||
| 245 | 1 | 0 |
_aФатална прегръдка _bРоман _cДжаки Колинс; прев. от англ. Мария Симеонова. |
| 257 | _aGBR | ||
| 260 |
_aСофия _bПрозорец _c2002 _fСофия : Инвестпрес |
||
| 300 |
_a448 с. _c20 см |
||
| 380 | _aX | ||
| 490 | 1 | _aСерия Джаки Колинс | |
| 500 | _aОриг. загл. Deadley Embrace / Jackie Collins. - Офс. изд. | ||
| 700 |
_aСимеонова, Мария Илкова _eпрев. от англ. _91021 |
||
| 852 | _aЦб 212652 | ||
| 856 | 4 | _qpdf | |
| 856 | 4 | _qpdf | |
| 942 |
_cKNG _n0 _s1 _029 |
||
| 944 |
_aCR _c01.01.2002 _k30564 _lГалина Якимова |
||
| 944 |
_aED _c02.12.2003 |
||
| 999 | _d98392 | ||
| 999 | _d98392 | ||